<?xml version="1.0" encoding="UTF-8"?>
<record
    xmlns:xsi="http://www.w3.org/2001/XMLSchema-instance"
    xsi:schemaLocation="http://www.loc.gov/MARC21/slim http://www.loc.gov/standards/marcxml/schema/MARC21slim.xsd"
    xmlns="http://www.loc.gov/MARC21/slim">

  <leader>02406nam a2200289 a 4500</leader>
  <controlfield tag="003">OSt</controlfield>
  <controlfield tag="005">20251112141346.0</controlfield>
  <controlfield tag="007">cr ||||||a|c|a</controlfield>
  <controlfield tag="008">230531s2019    mx a|||fom||| 001 0 spa d</controlfield>
  <datafield tag="040" ind1=" " ind2=" ">
    <subfield code="e">rda</subfield>
  </datafield>
  <datafield tag="100" ind1="1" ind2=" ">
    <subfield code="9">187266</subfield>
    <subfield code="a">Rojas Ram&#xED;rez, Guadalupe</subfield>
  </datafield>
  <datafield tag="245" ind1="1" ind2="0">
    <subfield code="a">Parasitismo natural de huevecillos de gusano elotero Helicoverpa zea (Boddie) (Lepidoptera: noctuidae) en Bermejillo, Durango, M&#xE9;xico /</subfield>
    <subfield code="c">por Guadalupe Rojas Ram&#xED;rez; director de tesis Fabi&#xE1;n Garc&#xED;a Gonz&#xE1;lez.</subfield>
  </datafield>
  <datafield tag="264" ind1=" " ind2="1">
    <subfield code="a">Durango, M&#xE9;xico :</subfield>
    <subfield code="b">El autor,</subfield>
    <subfield code="c">2019.</subfield>
  </datafield>
  <datafield tag="300" ind1=" " ind2=" ">
    <subfield code="a">1 recurso en l&#xED;nea (62 p&#xE1;ginas):</subfield>
    <subfield code="b">cuadros, figuras.</subfield>
  </datafield>
  <datafield tag="336" ind1=" " ind2=" ">
    <subfield code="2">rdacontent</subfield>
    <subfield code="a">texto</subfield>
    <subfield code="b">txt</subfield>
  </datafield>
  <datafield tag="337" ind1=" " ind2=" ">
    <subfield code="2">rdamedia</subfield>
    <subfield code="a">computadora</subfield>
    <subfield code="b">c</subfield>
  </datafield>
  <datafield tag="338" ind1=" " ind2=" ">
    <subfield code="2">rdacarrier</subfield>
    <subfield code="a">recurso en l&#xED;nea</subfield>
    <subfield code="b">cr</subfield>
  </datafield>
  <datafield tag="502" ind1=" " ind2=" ">
    <subfield code="b">ISA</subfield>
    <subfield code="c">URUZA</subfield>
    <subfield code="d">2019.</subfield>
  </datafield>
  <datafield tag="504" ind1=" " ind2=" ">
    <subfield code="a">Incluye referencias bibliogr&#xE1;ficas: p&#xE1;ginas 41-52.</subfield>
  </datafield>
  <datafield tag="520" ind1=" " ind2=" ">
    <subfield code="a">El ma&#xED;z es el cultivo m&#xE1;s representativo en M&#xE9;xico, debido a su importancia econ&#xF3;mica, social y cultural. Una de las plagas que afecta la producci&#xF3;n de este cultivo es el gusano elotero Helicoverpa zea (Boddie), causa un gran da&#xF1;o, debido a las perforaciones y la acumulaci&#xF3;n de excremento, favoreciendo el desarrollo de hongos pat&#xF3;genos que provocan la pudrici&#xF3;n de la mazorca. El objetivo de este estudio fue identificar las especies nativas de parasitoides y el &#xED;ndice de parasitismo natural en los huevos del gusano elotero, en ma&#xED;z forrajero. El estudio se realiz&#xF3; en la Unidad de Producci&#xF3;n &#x201C;El 18 de Julio&#x201D; perteneciente a la Universidad Aut&#xF3;noma Chapingo (UACh) en Bermejillo, Durango. Se realizaron cinco muestreos, eligiendo los jilotes de ma&#xED;z con presencia de huevos de H. zea, se colocaron 1000 huevos, dentro de c&#xE1;psulas de gel, en una c&#xE1;mara bioclim&#xE1;tica a 28 &#xB0;C durante diez d&#xED;as. Se obtuvo un 20.1 % de parasitismo natural en huevos de H. zea, en ma&#xED;z forrajero, el parasitoide que emergi&#xF3; fue Trichogramma pretiosum Riley. De los parasitoides emergidos el 68.41 % fueron hembras, representando una proporci&#xF3;n sexual de 2:1.</subfield>
  </datafield>
  <datafield tag="650" ind1=" " ind2="4">
    <subfield code="9">187267</subfield>
    <subfield code="a">Helicoverpa zea</subfield>
    <subfield code="x">Identificaci&#xF3;n</subfield>
  </datafield>
  <datafield tag="650" ind1=" " ind2="4">
    <subfield code="9">187268</subfield>
    <subfield code="a">Helicoverpa zea</subfield>
    <subfield code="x">Fisiolog&#xED;a y morfolog&#xED;a</subfield>
  </datafield>
  <datafield tag="650" ind1=" " ind2="4">
    <subfield code="9">187269</subfield>
    <subfield code="a">Ma&#xED;z forrajero</subfield>
    <subfield code="x">Plagas</subfield>
  </datafield>
  <datafield tag="700" ind1="1" ind2=" ">
    <subfield code="9">46066</subfield>
    <subfield code="a">Garc&#xED;a Gonz&#xE1;lez, Fabi&#xE1;n</subfield>
    <subfield code="e">director.</subfield>
  </datafield>
  <datafield tag="856" ind1=" " ind2=" ">
    <subfield code="u">http://10.13.5.2/tesis/tl/Rojas_Ramirez_Guadalupe.pdf</subfield>
    <subfield code="z">DESCARGAR PDF</subfield>
  </datafield>
  <datafield tag="942" ind1=" " ind2=" ">
    <subfield code="2">Clasificaci&#xF3;n Universidad Aut&#xF3;noma Chapingo</subfield>
    <subfield code="c">TD</subfield>
  </datafield>
  <datafield tag="999" ind1=" " ind2=" ">
    <subfield code="c">218869</subfield>
    <subfield code="d">218869</subfield>
  </datafield>
  <datafield tag="952" ind1=" " ind2=" ">
    <subfield code="0">0</subfield>
    <subfield code="1">0</subfield>
    <subfield code="2">local</subfield>
    <subfield code="4">0</subfield>
    <subfield code="5">1</subfield>
    <subfield code="7">0</subfield>
    <subfield code="8">TesDigL</subfield>
    <subfield code="a">BD</subfield>
    <subfield code="b">BD</subfield>
    <subfield code="c">E_L</subfield>
    <subfield code="d">2023-05-31</subfield>
    <subfield code="l">0</subfield>
    <subfield code="o">Tesis digital</subfield>
    <subfield code="r">2023-05-31 00:00:00</subfield>
    <subfield code="w">2023-05-31</subfield>
    <subfield code="y">TD</subfield>
  </datafield>
</record>
